DPR IAN's Songs - Statistiques

Statistiques générales
  • Ce quiz a été pris 140 fois
  • Le résultat moyen est 25 sur 30
Statistiques - réponses
Hint Réponse % Correct
5 Nerves
94%
6 Scaredy Cat
94%
2 Saint
91%
11 Ballroom Extravaganza
90%
7 Violet Crazy
90%
3 Don't Go Insane
88%
3 Mood
88%
4 So I Danced
88%
3 Limbo
87%
1 MITO
87%
4 No blueberries (Ft. CL and DPR Live)
87%
2 So beautiful
87%
4 Miss Understood
86%
7 Ribbon
86%
7 Welcome to the Show
86%
5 Bad Cold
84%
6 Peanut Butter and Tears
84%
1 Seraph
84%
1 Skins
84%
6 Merry Go
83%
8 Winterfall
83%
9 Calico
81%
3 Dope Lovers
81%
2 Welcome to the Other Side
80%
2 1 Shot
77%
5 Avalon
77%
1 Famous Last Words
77%
10 Mr.Insanity
75%
12 Sometimes I'm
71%
8 No silhouette
64%
Aucun quiz correspondant
Distribution des résultats
% des personnes avec chaque résultat
Percentile par nombre de réponses
Votre historique - résultats
Vous n’avez pas pris ce quiz